|
|
|
|
| LEADER |
00000nas a2200000 a 4500 |
| 001 |
ssj0000562648 |
| 003 |
WaSeSS |
| 005 |
20200512172242.0 |
| 006 |
m d |
| 007 |
cr n |
| 008 |
981117c19979999pk mr p s 0 0eng c |
| 010 |
|
|
|a sn 99017341
|
| 035 |
|
|
|a (WaSeSS)ssj0000562648
|
| 040 |
|
|
|a NDD
|b eng
|c NDD
|d CLU
|d DLC
|d NSD
|d DLC
|d CLU
|d OCLCQ
|d CRL
|d OCLCF
|d OCLCO
|d OCLCA
|d CGU
|d WaSeSS
|
| 042 |
|
|
|a pcc
|
| 043 |
|
|
|a a-pk---
|
| 050 |
0 |
0 |
|a UA11
|b .D378
|
| 130 |
0 |
|
|a Defence journal (Karachi, Pakistan : 1997)
|
| 245 |
1 |
0 |
|a Defence journal
|h [electronic resource].
|
| 260 |
|
|
|a Karachi, Pakistan :
|b Ikram ul-Majeed Sehgal,
|c 1997-
|
| 310 |
|
|
|a Monthly
|
| 362 |
0 |
|
|a Vol. 1, no. 1 (Aug. 1997)-
|
| 506 |
|
|
|a License restrictions may limit access.
|
| 515 |
|
|
|a Vol. 1, no. 1 (1947-1997) also called: Golden jubilee issue.
|
| 515 |
|
|
|a Some issues published in combined form.
|
| 515 |
|
|
|a Volume numbering repeated: Vol. 18, no. 2 (Sept. 2014) followed by issues called vol. 17, no. 3-vol. 18, no. 2 (Oct. 2014-Feb. 2015).
|
| 588 |
|
|
|a Latest issue consulted: Vol. 3, no. 9 (Dec. 1999).
|
| 650 |
|
0 |
|a Military policy
|v Periodicals.
|
| 650 |
|
0 |
|a Military art and science
|v Periodicals.
|
| 650 |
|
0 |
|a World politics
|v Periodicals.
|
| 650 |
|
7 |
|a Armed Forces.
|2 fast
|0 (OCoLC)fst00814586
|
| 650 |
|
7 |
|a Military art and science.
|2 fast
|0 (OCoLC)fst01020874
|
| 650 |
|
7 |
|a Military policy.
|2 fast
|0 (OCoLC)fst01021386
|
| 650 |
|
7 |
|a World politics.
|2 fast
|0 (OCoLC)fst01181381
|
| 651 |
|
0 |
|a Pakistan
|x Armed Forces
|v Periodicals.
|
| 651 |
|
7 |
|a Pakistan.
|2 fast
|0 (OCoLC)fst01210275
|
| 655 |
|
0 |
|a Electronic journals.
|
| 780 |
0 |
0 |
|t Defence journal
|w (DLC) 75930102
|w (OCoLC)2245647
|
| 850 |
|
|
|a CLU
|a DLC
|
| 856 |
4 |
0 |
|z Full text available from Research Library: 11/01/2010 to present
|u https://search.proquest.com/publication/616545
|